| 000 | 01542nam0a2200313 4500 | ||
|---|---|---|---|
| 001 | RU\NLR\bibl\1552 | ||
| 005 | 20260406050359.0 | ||
| 010 |
_a5-87184-092-2 _91000 |
||
| 035 | _a(NLR Aleph) 000001456 | ||
| 090 |
_a2322 _c2322 |
||
| 100 | _a19980608d1996 |||y0rusy50 ca | ||
| 101 | 0 | _arus | |
| 102 | _aRU | ||
| 105 | _a||||||||||||| | ||
| 200 | 1 |
_aИнформационно-графические компьютерные технологии управления инженерными сетями предприятий, городов и регионов _fВ.П. Мальцев, А.Г. Евдокимов, Н.И. Самойленко, А.Т. Шавлов _gПод ред. Самойленко Н.И. |
|
| 210 |
_aЧелябинск _cЧеляб. Дом печати _aЗлатоуст _cМАП "Златоуст. типография" _d1996 |
||
| 215 |
_a232 с. _cил. _d20 |
||
| 320 | _aБиблиогр.: с. 230-232 | ||
| 606 | 0 |
_aИнженерные сети подземные _xУправление _xАвтоматизация _92075184 _3RU\NLR\auth\661250238 |
|
| 686 | _aН788 | ||
| 701 | 1 |
_4070 _7ca _8rus _aМальцев _bВ. П. _gВасилий Петрович _9115829 _3RU\NLR\auth\775870 |
|
| 702 | 1 |
_4340 _7ca _8rus _aСамойленко _bН. И. _gНиколай Иванович _9115830 _3RU\NLR\auth\775871 |
|
| 801 | 0 |
_aRU _bNLR _c19980608 _gPSBO |
|
| 801 | 1 |
_aRU _bNLR _c19980608 |
|
| 830 | _aАвт. раскрыты по кн. | ||
| 852 |
_aNLR _j98-3/1596 |
||
| 942 | _cBOOK | ||
| 980 | _aNB | ||